000 01342nam a2200337 i 4500
001 179999
003 ES-MaACL
005 20250909225037.0
008 120313s1993 sp a |||| |dspa d
020 _a84-7584-234-8
080 _a7:82
080 _a061.237(460.235)
245 0 3 _aLa tertulia de La Nave Errante /
_cAntonio Bermejo, Josep A. Pujante, Julia Emperador, Elena Salvador de Puigvert, Ana Nájera, Alfredo Gordillo, María Dolores Perea, Joaquin Callabed.
250 _a1ª ed.
260 _aBarcelona :
_bLaertes,
_c1993.
300 _a363 p. :
_bil. ;
_c20 cm.
650 7 _aArte y literatura
_2embne
_910334
651 4 _aBarcelona-
_xVida intelectual.
_9142141
700 0 _aBermejo Tudela, Antonio
_928082
700 1 _aPujante Conesa, J. A.
_9149600
700 1 _aEmperador, Julia.
_9149601
700 1 _aSalvador de Puigvert, Elena.
_9149602
700 1 _aNájera, Ana.
_9149603
700 1 _aGordillo, Alfredo.
_9149611
700 1 _aPerera, María Dolores.
_9149604
700 1 _aCallabed i Carracedo, Joaquim.
_9139912
852 _aES-MaACL
_jN-5040
_9186907
_br.146962
_cDEPO1
_xDonación: Matías Escalera Cordero
_zDedicatoria autógrafa de Daniel Pacheco en nombre de Joaquín Callabed
_dOlim: N-5040
852 _aES-MaACL
_jL-20151
942 _2udc
_cMONOGRAFIA
999 _c179999
_d179999